000 00497nam a2200193Ia 4500
005 20250326125823.0
008 250326s9999 xx 000 0 und d
037 _aTextbook
040 _aFMSL
_beng
_cFMSL
041 _aeng
_2eng
084 _aX.44 N7
_qFMSL
100 _aJain D C
245 0 _aEconomic problems of India
_cJain D C
250 _a10
260 _aAllahabad
_bAllahabad, Chaitanya
_c1967
300 _a606p
942 _cTB
_hX.44 N7
999 _c1279728
_d1279728